Statistiques concernant Départements de France : plus riche - moins riche avec carte

Cliquez ici pour prendre le quiz!

Statistiques générales

  • Ce quiz a été pris 288 fois
  • Le résultat moyen est 41 sur 98

Réponses sur la Carte

Les réponses sont colorées sur une échelle allant du rouge au vert en fonction du pourcentage des utilisateurs qui les ont devinées à leur premier essai. Vous pouvez retrouver ces pourcentages ci-dessous.
Chargement ...
 

Statistiques - réponses

NomMédiane du revenu disponible par UC% Correct
Paris26431
99%
Hauts-de-Seine26225
85%
Yvelines25616
77%
Haute-Savoie25001
66%
Essonne22978
61%
Seine-et-Marne22339
57%
Rhône21746
57%
Savoie21802
53%
La Réunion14258
52%
Ain22020
52%
Haute-Garonne21989
52%
Martinique16655
51%
Haut-Rhin21919
50%
Val-de-Marne21726
50%
Loire-Atlantique21274
50%
Gironde21073
50%
Bas-Rhin21512
49%
Isère21673
48%
Seine-Saint-Denis16762
48%
Alpes-Maritimes20988
47%
Val-d'Oise21001
46%
Creuse18354
43%
Bouches-du-Rhône20287
43%
Var20507
43%
Vendée20073
43%
Côte-d'Or21224
43%
Pas-de-Calais18099
43%
Ille-et-Vilaine20926
43%
Doubs21325
43%
Haute-Corse18530
42%
Pyrénées-Atlantiques20788
41%
Corse-du-Sud20073
41%
Maine-et-Loire19943
41%
Aisne18604
41%
Finistère20481
41%
Moselle20498
41%
Oise20956
41%
Marne20549
41%
Aude18130
41%
Drôme19843
40%
Charente-Maritime20032
40%
Ariège18716
40%
Vaucluse18887
40%
Meurthe-et-Moselle20502
40%
Côtes-d'Armor20064
40%
Calvados20278
40%
Haute-Vienne19953
39%
Seine-Maritime20153
39%
Vienne19934
39%
Ardennes18541
39%
Morbihan20359
39%
Aveyron19565
39%
Nord18920
39%
Gard18946
39%
Pyrénées-Orientales18388
38%
Corrèze19903
38%
Territoire de Belfort20632
38%
Loiret20921
38%
Eure20554
38%
Manche19757
37%
Haute-Marne19091
37%
Yonne19808
37%
Sarthe19932
37%
Hérault19319
37%
Saône-et-Loire19737
37%
Jura20534
37%
Puy-de-Dôme20813
37%
Eure-et-Loir20961
37%
Charente19627
37%
Deux-Sèvres19676
37%
Mayenne19687
37%
Loire19729
36%
Meuse19453
36%
Somme19205
36%
Cher19772
36%
Loir-et-Cher20329
35%
Nièvre19359
35%
Lozère19346
35%
Landes20229
35%
Lot19665
35%
Lot-et-Garonne18917
34%
Hautes-Alpes19726
34%
Tarn-et-Garonne19007
34%
Vosges19126
34%
Gers19687
34%
Cantal19260
34%
Haute-Saône19460
34%
Aube19481
34%
Alpes-de-Haute-Provence19498
34%
Hautes-Pyrénées19522
34%
Haute-Loire19604
34%
Ardèche19613
34%
Orne19060
33%
Allier19313
33%
Tarn19365
33%
Indre-et-Loire20710
33%
Indre19175
33%
Dordogne19065
32%

Distribution des résultats

Percentile par nombre de réponses

% des personnes avec chaque résultat

Votre développement - résultats

Vous n’avez pas pris ce quiz